| 000 | 00775nam a2200217 i 4500 | ||
|---|---|---|---|
| 001 | 85816 | ||
| 003 | ES-MaACL | ||
| 005 | 20250904205329.0 | ||
| 007 | t| | ||
| 008 | 041202s1968 sp ||||1| spa d | ||
| 245 | 0 | 0 |
_aJuntas revolucionarias : _bmanifiestos y proclamas de 1868 / _c[selección, prólogo y notas] , Valeriano Bozal Fernández. |
| 260 |
_aMadrid : _bCuadernos para el Diálogo, _c1968. |
||
| 300 |
_a135 p. ; _c18 cm. |
||
| 490 | 1 |
_aCuadernos para el diálogo ; _v7 |
|
| 651 | 4 |
_aEspaña- _xHistoria- _y1868, Revolución. _9149661 |
|
| 700 | 1 |
_aBozal, Valeriano, _d1940-2023 _9242225 |
|
| 710 | 2 |
_aCuadernos para el Diálogo. _93333 |
|
| 830 | 1 |
_aCuadernos para el diálogo ; _v7 _9181812 |
|
| 852 |
_aES-MaACL _jC-34828 |
||
| 999 |
_c85816 _d85816 |
||